| 000 | 00475nam a22001577a 4500 | ||
|---|---|---|---|
| 003 | OSt | ||
| 005 | 20240715120809.0 | ||
| 007 | 176 pages | ||
| 008 | 240715b |||||||| |||| 00| 0 eng d | ||
| 020 | _a9788126548491 | ||
| 040 |
_aAO enterprises _c |
||
| 082 |
_a658.42 _bMAY |
||
| 245 |
_aUnbarred Innovation Redefined _bPathway to greatest discoveries _cRamgir,Mayur _hEnglish |
||
| 260 |
_bWiley _c2020 |
||
| 942 |
_2ddc _cBK _h658.42 _iMAY _k658.42 _mMAY _n0 |
||
| 999 |
_c36060 _d36060 |
||